000 00303nam a22001217a 4500
008 160419b xxu||||| |||| 00| 0 eng d
020 _a9780803623569
020 _a0803623569
041 _aeng
080 _a618.2
245 1 0 _aFundamentals of nursing:
_cJudith Wilkinson; Leslie Treas;
942 _2udc
_cBK
999 _c1434
_d1434